书目信息 |
| 题名: |
中药新药临床试验设计与实施
|
|
| 作者: | 唐旭东 , 翁维良 , 高蕊 主编 | |
| 分册: | ||
| 出版信息: | 北京 人民卫生出版社 2013.12 |
|
| 页数: | 17,598页 | |
| 开本: | 24cm | |
| 丛书名: | ||
| 单 册: | ||
| 中图分类: | R285.6 | |
| 科图分类: | ||
| 主题词: | 中药学--临床药学--药效试验 , 中药学 , 临床药学 , 药效试验 | |
| 电子资源: | ||
| ISBN: | 978-7-117-17925-6 | |
| 000 | 01073nam0 2200301 450 | |
| 001 | 0120131185936 | |
| 005 | 20140611152241.07 | |
| 010 | @a978-7-117-17925-6@dCNY89.00 | |
| 100 | @a20131226d2013 em y0chiy0110 ea | |
| 101 | 0 | @achi |
| 102 | @aCN@b110000 | |
| 105 | @ack z 000yy | |
| 106 | @ar | |
| 200 | 1 | @a中药新药临床试验设计与实施@9zhong yao xin yao lin chuang shi yan she ji yu shi shi@f唐旭东,翁维良,高蕊主编 |
| 210 | @a北京@c人民卫生出版社@d2013.12 | |
| 215 | @a17,598页@c肖像@d24cm | |
| 330 | @a本书主要介绍当前中药新药临床试验设计的方法,总结中药新药临床试验的难点和困境,并结合具体的临床试验设计案例,探索既符合国际公则,又反映中药特色的临床试验方案设计实施方法。 | |
| 333 | @a中药新药临床试验研究者及中医临床科研人员 | |
| 606 | 0 | @a中药学@x临床药学@x药效试验 |
| 606 | 0 | @a中药学 |
| 606 | 0 | @a临床药学 |
| 606 | 0 | @a药效试验 |
| 690 | @aR285.6@v5 | |
| 701 | 0 | @a唐旭东@9tang xu dong@4主编 |
| 701 | 0 | @a翁维良@9weng wei liang@4主编 |
| 701 | 0 | @a高蕊@9gao rui@4主编 |
| 801 | 0 | @aCN@b人天书店@c20131226 |
| 905 | @b548647-49@dR285.6@e323@f3 | |
| 中药新药临床试验设计与实施/唐旭东,翁维良,高蕊主编.-北京:人民卫生出版社,2013.12 |
| 17,598页:肖像;24cm |
| 使用对象:中药新药临床试验研究者及中医临床科研人员 |
| ISBN 978-7-117-17925-6:CNY89.00 |
| 本书主要介绍当前中药新药临床试验设计的方法,总结中药新药临床试验的难点和困境,并结合具体的临床试验设计案例,探索既符合国际公则,又反映中药特色的临床试验方案设计实施方法。 |
| ● |
| 相关链接 |
|
|
|
|
正题名:中药新药临床试验设计与实施
索取号:R285.6/323
 
预约/预借
| 序号 | 登录号 | 条形码 | 馆藏地/架位号 | 状态 | 备注 |
| 1 | 548647 | 205486473 | 第二样本阅览室/ [索取号:R285.6/323] | 在馆 | |
| 2 | 548648 | 205486482 | 第三借阅区/ [索取号:R285.6/323] | 在馆 | |
| 3 | 548649 | 205486491 | 密集书库-生命科学系/ [索取号:R285.6/323] | 在馆 |